00250nam a22000977a 4500008004100000082001500041100002000056245002500076260004200101300000900143230620b xxu||||| |||| 00| 0 eng d a309.1bLIV cR.w Livingstone aThe Legacy of Greece aLondonbOxford university pressc1951 a424p